000 00323nam a22001457a 4500
008 210310b ||||| |||| 00| 0 eng d
020 _a9780030968471
041 _aeng
080 _2
_a339.138
082 _a339.138
100 _a60
101 _aMAR
245 _aMarketing Management
_cDickson,P.R
942 _2udc
_cBK
999 _c56232
_d56232